| 000 | 00815 a2200241 4500 | ||
|---|---|---|---|
| 003 | OSt | ||
| 005 | 20230904103816.0 | ||
| 007 | ta | ||
| 008 | 230218s2014 ag a||||r|||| 001 0 spa d | ||
| 020 | _a9789569517006 | ||
| 040 | _cCHAP | ||
| 082 | 0 | 0 |
_222 _a658.404 _bV64 |
| 100 | 1 |
_9187873 _aVidal Gazaue, Kamal Adolfo |
|
| 245 | 1 | 0 |
_aProyectos: _bevaluación y formulación / _cKamal Adolfo Vidal Gazaue y José de Jesús González Serna |
| 264 | 1 |
_aBuenos Aires: _bAlfaomega,, _c2014. |
|
| 300 |
_axix, 206 páginas: _bfiguras, tablas. |
||
| 490 | 1 | _aAdministración. | |
| 650 | 4 |
_9150079 _aAdministración de proyectos |
|
| 650 | 4 |
_9150153 _aInversion económica _xAdministración |
|
| 700 | 1 |
_9187874 _aGonzález Serna, José de Jesús |
|
| 830 | 0 |
_9187869 _aAdministración. _pProyectos. |
|
| 942 |
_cLibro _2ddc |
||
| 999 |
_c218398 _d218398 |
||